| 000 | 00705nmm a2200205Ia 4500 | ||
|---|---|---|---|
| 008 | 251105s9999||||xx |||||||||||||||||und|| | ||
| 020 | _a9788481028188 | ||
| 041 | _aspa | ||
| 100 | _aBorrás Atiénzar, Francisco | ||
| 245 | 0 | _aEl emprendimiento: una aproximación internacional al desarrollo económico | |
| 264 |
_a[Madrid, España] : _bEdiciones Universidad de Cantabria, _c2017 |
||
| 300 | _a452 páginas | ||
| 490 | _aCiencias Sociales | ||
| 650 | _aEconomics and Business | ||
| 700 | _aBorrás Atiénzar, Francisco | ||
| 700 | 1 | _a Laviada Francisco, Ana Fernández | |
| 700 | 1 | _a Martínez García, Javier (eds.) | |
| 856 | _uhttps://public.digitaliapublishing.com/a/49688 | ||
| 942 | _cCF | ||
| 999 |
_c63020 _d63020 |
||